000 00354nam a22001457a 4500
003 OSt
005 20160727222402.0
008 160623b xxu||||| |||| 00| 0 eng d
040 _cTEST
100 _9731
_aSchutz, S.P
245 _aA Lasting Friendship
260 _aColoroda
_bBlue Mountain Press
_c1985
300 _aA Lasting Friendship
942 _2ddc
_cBK
999 _c589
_d589